| 000 -LEADER | |
|---|---|
| fixed length control field | 00405nam a22001697a 4500 |
| 005 - DATE AND TIME OF LATEST TRANSACTION | |
| control field | 20160615092944.0 |
| 008 - FIXED-LENGTH DATA ELEMENTS--GENERAL INFORMATION | |
| fixed length control field | 160615b xxu||||| |||| 00| 0 eng d |
| 020 ## - INTERNATIONAL STANDARD BOOK NUMBER | |
| ISBN | 81-2072-654-5 |
| 041 ## - LANGUAGE CODE | |
| Language code of text/sound track or separate title | eng |
| 082 ## - DEWEY DECIMAL CLASSIFICATION NUMBER | |
| Item number | 7624 |
| 100 ## - MAIN ENTRY--AUTHOR NAME | |
| Personal name | Johari, J.C. |
| 245 ## - TITLE STATEMENT | |
| Title | The Constitution of India ( A rolitico-legal study) |
| 260 ## - PUBLICATION, DISTRIBUTION, ETC. (IMPRINT) | |
| Name of publisher | Sterling |
| 300 ## - PHYSICAL DESCRIPTION | |
| Number of Pages | 578 |
| 650 ## - SUBJECT ADDED ENTRY--TOPICAL TERM | |
| Topical Term | Management |
| 942 ## - ADDED ENTRY ELEMENTS (KOHA) | |
| Koha item type | Books |
| Lost status | Damaged status | Collection code | Home library | Current library | Shelving location | Date acquired | Cost, normal purchase price | Full call number | Accession Number | Koha item type | Source of acquisition |
|---|---|---|---|---|---|---|---|---|---|---|---|
| LAW | JRU Library | JRU Library | SHELF-29-A | 15/06/2016 | 190.00 | 7624 | 7624 | Books | |||
| LAW | JRU Library | JRU Library | SHELF-29-A | 15/06/2016 | 190.00 | 7625 | Books | PURCHASE | |||
| LAW | JRU Library | JRU Library | SHELF-29-A | 15/06/2016 | 190.00 | 7624 | 7626 | Books |